000 01809nab a22002897a 4500
999 _c5581
_d5581
003 OSt
005 20251219101731.0
008 190429b xxu||||| |||| 00| 0 spa d
040 _cPJ
100 _96555
_aLopez, Cecilia Cristina
245 1 0 _aViolencias por motivos de género y dogmática penal. Propuestas para una litigación con mirada interdisciplinaria a partir de un caso de la Defensa Pública de Lomas de Zamora /
_cCecilia Cristina Lopez, Guillermina Luque Wickham, Luciano Augusto Noli.
260 _cCiudad Autónoma de Buenos Aires :
_aThomson Reuters La Ley,
_b2025.
300 _ap. 21-36
500 _aCita: TR LALEY AR/DOC/1072/2025.
505 _aSumario: I. Propósito.— II. Contexto.— III. El caso y los hechos probados.— IV. Conclusiones médico-legales desde un enfoque de género y de derechos humanos.— V. El impacto en el sistema del hecho punible: los planteos de la defensa.— VI. El fallo.— VII. Algunas conclusiones.— VIII. Referencias bibliográficas.
_tFallo comentado: TCrim. Nro. 9, Lomas de Zamora ~ 05/12/2024 ~ S., J. E. - B., G. A., - R., J. A. s/ tenencia ilegítima de estupefacientes con fines de comercialización.
505 _tSi te interesa el texto completo, solicitalo a koha@justierradelfuego.gov.ar
650 0 _9343
_aDERECHO PENAL
650 0 _93053
_aVIOLENCIA DE GÉNERO
650 0 _94044
_aPERSPECTIVA DE GÉNERO
650 0 _92581
_aCULPABILIDAD
650 0 _92753
_aPARTICIPACIÓN CRIMINAL
650 0 _92589
_aPOLITICA CRIMINAL
700 _96329
_aLuque Wickham, María Guillermina
_ecoautor
700 _96556
_aNoli, Luciano Augusto
_ecoautor
773 0 _02658
_93164
_tRevista de derecho penal y criminología. Nº 5 - Junio 2025
_dCiudad Autónoma de Buenos Aires : Thomson Reuters La Ley, 2017-
_x00347914
942 _2udc
_cANA